LEADER 02819nam a2200709 a 4500
001 nkc20112222038
003 CZ PrNK
005 20111021135612.0
007 ta
008 110824s2011 xr a e 000 pdcze
015 |a cnb002222038 
020 |a 978-80-87370-03-2  |q (váz.) 
035 |a (OCoLC)761169231 
040 |a OLA001  |b cze  |d BOA001  |d ABA001 
041 1 |a cze  |h eng 
045 |a w-x- 
072 7 |a 821.111(73)-1  |x Americká poezie  |2 Konspekt  |9 25 
080 |a 821.111(73)-1  |2 MRF 
080 |a 821.111(73)-1-055.2  |2 MRF 
080 |a 821.111(73)-1-051  |2 MRF 
080 |a 82.091  |2 MRF 
080 |a (0:82-1)  |2 MRF 
080 |a (082.21)  |2 MRF 
080 |a (048.8)  |2 MRF 
100 1 |a Guziur, Jakub,  |d 1978-  |7 xx0021052  |4 aut  |4 trl 
245 1 0 |a Rodokmen Mary de Rachewiltz /  |c Jakub Guziur ; [básně ze sbírek ... přeložili Petr Mikeš, Jakub Guziur a Anna Kareninová ; výtvarný doprovod Pavel Herynek] 
250 |a 1. vyd. 
260 |a V Opavě :  |b Perplex,  |c 2011 
300 |a 130 s. :  |b il. ;  |c 16 cm 
500 |a Část. přeloženo z angličtiny 
500 |a 250 výt., z toho prvních 50 čísl. 
504 |a Obsahuje bibliografii 
600 1 7 |a Rachewiltz, Mary de,  |d 1925-  |7 jo2002144609  |2 czenas 
600 1 7 |a Pound, Ezra,  |d 1885-1972  |7 jn19990006663  |2 czenas 
648 7 |a 19.-20. století  |7 ch757015  |2 czenas 
650 0 7 |a americké básnířky  |7 ph203880  |y 19.-20. století  |2 czenas 
650 0 7 |a američtí básníci  |7 ph203881  |y 19.-20. století  |2 czenas 
650 0 7 |a americké básnířky  |7 ph203880  |x partnerské a rodinné vztahy  |2 czenas 
650 0 7 |a literární vlivy  |7 ph138746  |2 czenas 
650 0 9 |a American women poets  |y 19th-20th centuries  |2 eczenas 
650 0 9 |a American poets  |y 19th-20th centuries  |2 eczenas 
650 0 9 |a American women poets  |x partner and family relationships  |2 eczenas 
650 0 9 |a literary influences  |2 eczenas 
655 7 |a americká poezie  |7 fd131791  |2 czenas 
655 7 |a výbory  |7 fd133853  |2 czenas 
655 7 |a studie  |7 fd133597  |2 czenas 
655 9 |a American poetry  |2 eczenas 
655 9 |a selected works  |2 eczenas 
655 9 |a studies  |2 eczenas 
700 1 |a Rachewiltz, Mary de,  |d 1925-  |7 jo2002144609  |4 aut 
700 1 |a Mikeš, Petr,  |d 1948-2016  |7 jn19990218068  |4 trl 
700 1 |a Kareninová, Anna,  |d 1954-  |7 jn19981001608  |4 trl 
700 1 |a Herynek, Pavel,  |d 1943-  |7 jn20000400939  |4 ill 
765 0 |t Family tree  |9 Česky 
765 0 |t Whose world?  |9 Česky 
765 0 |t For the wrong reason  |9 Česky 
856 4 1 |u http://www.digitalniknihovna.cz/mzk/uuid/uuid:a753e2c0-98fa-11ea-8b1b-005056827e52  |y Digitalizovaný dokument  |x NDK 
910 2 |a BOA001  |b 1-1272.464 
990 |a BK 
995 |a 01 
991 |b 201110  |e b 
996 6 |b 2610490586  |c 1-1272.464  |l MZK  |r Sklad / do 1 hodiny  |n 1  |p p.v.  |w 001206282  |u 000010  |a 1  |e BOA001  |j MZK50  |s P